| 000 | 00747nam a22002537a 4500 | ||
|---|---|---|---|
| 001 | 1705 | ||
| 003 | CO-MdFUSB | ||
| 005 | 20190202100310.0 | ||
| 008 | 170512t1980 s ||||| |||| 00| 0 s d | ||
| 020 | _a84-330-0283-X | ||
| 040 |
_aCO-MdFUSB _bspa _cCO-MdFUSB _dCO-MdFUSBC _erda |
||
| 041 | 0 | _aspa | |
| 082 | 0 | 4 | _aG 220.542 U15b |
| 245 | 1 | 0 |
_aSanta Biblia _b : Biblia de Jerusalen-1975 _c / José Angel Ubieta, Director |
| 250 | _aNueva edición totalmente revisada y ampliada | ||
| 264 | 4 |
_aBilbao, España : _b Desclée de Brouwer, _c©1980 |
|
| 300 | _a[pag. varía] | ||
| 336 |
_2rdacontent _a1 _ba1 |
||
| 337 |
_2rdamedia _a2 _b5 |
||
| 338 |
_2rdacarrier _a2 _b5 |
||
| 650 | 0 |
_aBiblia _916 |
|
| 653 | _aVersiones de la Biblia | ||
| 942 | _cBK | ||
| 999 |
_c32933 _d32933 |
||